| 000 | 01436nam a22003734a 4500 | ||
|---|---|---|---|
| 001 | ebr10110267 | ||
| 003 | CaPaEBR | ||
| 006 | m u | ||
| 007 | cr cn||||||||| | ||
| 008 | 020717s2003 nyu sb 001 0 eng | ||
| 010 | _z 2002029244 | ||
| 020 | _z0312295561 | ||
| 040 |
_aCaPaEBR _cCaPaEBR |
||
| 035 | _a(OCoLC)70739164 | ||
| 043 | _an-us--- | ||
| 050 | 1 | 4 |
_aUA23 _b.K77696 2003eb |
| 082 | 0 | 4 |
_a355.02/17 _221 |
| 100 | 1 |
_aKrepon, Michael, _d1946- |
|
| 245 | 1 | 0 |
_aCooperative threat reduction, missile defense, and the nuclear future _h[electronic resource] / _cMichael Krepon. |
| 260 |
_aNew York : _bPalgrave Macmillan, _c2003. |
||
| 300 | _ax, 295 p. | ||
| 504 | _aIncludes bibliographical references and index. | ||
| 533 |
_aElectronic reproduction. _bPalo Alto, Calif. : _cebrary, _d2013. _nAvailable via World Wide Web. _nAccess may be limited to ebrary affiliated libraries. |
||
| 650 | 0 |
_aNuclear weapons _zUnited States. |
|
| 650 | 0 | _aNuclear disarmament. | |
| 650 | 0 |
_aNuclear arms control _xVerification. |
|
| 650 | 0 | _aDeterrence (Strategy) | |
| 650 | 0 |
_aBallistic missile defenses _zUnited States. |
|
| 650 | 0 |
_aWorld politics _y21st century. |
|
| 651 | 0 |
_aUnited States _xMilitary policy. |
|
| 655 | 7 |
_aElectronic books. _2local |
|
| 710 | 2 | _aebrary, Inc. | |
| 856 | 4 | 0 |
_uhttp://site.ebrary.com/lib/rucke/Doc?id=10110267 _zAn electronic book accessible through the World Wide Web; click to view |
| 999 |
_c211405 _d211405 |
||